Matematika pre 4. ročník gymnázií Komplexné čísla

Bibliographic Details
Main Author: Smida, Jozef (matematik) (Author)
Format: Book
Language:Slovak
PhysicalDescription:56 s. Sch. 21 cm
Published: Bratislava Slovenské pedagogické nakladateľstvo 1994
ISBN:8008024178
Edition:2. upr. vyd.
Subjects:

MARC

LEADER 00000nam a2200000 a 4500
001 vtls001076093
003 SK-MaSNL
005 20260301000700.0
008 160414s1994 xo 0 slo
015 |a SNBA1994/09 
020 |a 8008024178 
035 |a SNK000018926 
040 |a SNK  |b slo  |c SNK  |e AACR2 
041 0 |a slo 
044 |a xo  |c SK 
080 |a 511.147(075.3)  |2 1981 
100 1 |a Smida, Jozef  |c (matematik)  |4 aut  |9 198409 
245 1 0 |a Matematika pre 4. ročník gymnázií  |b Komplexné čísla  |c Jozef Smida 
250 |a 2. upr. vyd. 
260 |a Bratislava  |b Slovenské pedagogické nakladateľstvo  |c 1994 
300 |a 56 s.  |b Sch.  |c 21 cm 
650 0 7 |a matematika  |2 SNKPH  |9 70174 
650 0 7 |a komplexné čísla  |2 SNKPH  |9 90360 
655 7 |a učebnice stredných škôl  |2 SNKPH  |9 69323 
919 |a 80-08-02417-8 
958 |a TL 
958 |a UC 
999 |c 533237  |d 535167 
952 |t P60, <04>, [BOOK], {604}  |a SNK  |b SNK  |y VYP  |7 0  |p 17A0018315  |o snkSC 86457 D1  |0 0  |1 0  |4 0  |d 1996-11-07  |l 0  |r 2004-12-31 00:00:00  |w 2026-02-23